000 01480nam a2200301 i 4500
001 164360
003 ES-MaACL
005 20231030171130.0
008 140320s2010 sp |||| | spa d
020 _a978-84-92456-64-2
080 _a267 Asociación Católica de Propagandistas (091)
080 _a282(460)"19":32
100 1 _aGutiérrez García, José Luis.
_961152
245 1 0 _aHistoria de la Asociación Católica de Propagandistas.
_n[I],
_pÁngel Herrera Oria, primer período (1908-1923) /
_cJosé Luis Gutiérrez García ; presentación, Alfredo Dagnino Guerra.
260 _aMadrid :
_bCEU Ediciones,
_c[2010]
300 _a499 p. ;
_c24 cm.
504 _aBibliografía: p. [475]-478. Índice.
610 2 4 _aAsociación Católica de Propagandistas-
_vHistoria.
_9170892
650 4 _aCatólicos-
_xActividad política-
_zEspaña-
_yS.XX.
_9154594
700 1 _aDagnino Guerra, Alfredo.
_9154596
852 _aES-MaACL
_jA-13057
_pv.1
_9170604
_bR.149760
_cDEPO1
_dOlim: N-6057
_hDonación: Real Academia Española
852 _aES-MaACL
_jA-13058
_pv.2
_9200723
_bR.149760
_cDEPO1
_dOlim: N-6058
_hDonación: Real Academia Española
852 _aES-MaACL
_jA-13059
_pv.3
_9200724
_bR.149760
_cDEPO1
_dOlim: N-6059
_hDonación: Real Academia Española
852 _aES-MaACL
_jA-13060
_pv.4
_9200725
_bR.149760
_cDEPO1
_dOlim: N-6060
_hDonación: Real Academia Española
914 _96336
_aReal Academia Española
_ednr
942 _2udc
_cMONOGRAFIA
999 _c164360
_d164360